000
00417nam a22000977a 4500
008
110701t xxu||||| |||| 00| 0 eng d
010
_a
LDF138
245
_a
The Republic of Uganda The Registration of Titles Act Cap, 230 Application for Issue of A Special Certificate of the Title
260
_c
2000
999
_c
4387
_d
4387